All Movies That Grossed Over $1 Billion! - Statistics

General Stats
  • This quiz has been taken 111 times
    31 since last reset
  • The average score is 22 of 54
Answer Stats
Year Movie % Correct
2009 Avatar
90%
1997 Titanic
90%
2012 The Avengers
85%
2019 Avengers: Endgame
80%
2018 Avengers: Infinity War
70%
2023 Barbie
65%
2022 Avatar: The Way of Water
55%
2015 Avengers: Age of Ultron
55%
2018 Black Panther
55%
1993 Jurassic Park
55%
2015 Jurassic World
55%
2021 Spider-Man: No Way Home
55%
2019 Captain Marvel
50%
2013 Iron Man 3
50%
2019 Spider-Man: Far From Home
50%
2012 The Dark Knight
50%
2003 The Lord of the Rings: The Return of the King
50%
2010 Toy Story 3
50%
2019 Toy Story 4
50%
2016 Captain America: Civil War
45%
2024 Deadpool and Wolverine
45%
2024 Inside Out 2
45%
2019 Joker
45%
2018 Jurassic World: Fallen Kingdom
45%
2015 Star Wars: The Force Awakens
45%
2013 Frozen
40%
2017 Star Wars: The Last Jedi
40%
2012 The Dark Knight Rises
40%
2019 The Lion King
40%
2011 Harry Potter and the Deathly Hallows Part 2
35%
2016 Rogue One: A Star Wars Story
35%
2019 Star Wars: The Rise of Skywalker
35%
2018 The Incredibles 2
35%
2023 The Super Mario Bros. Movie
35%
2022 Top Gun: Maverick
35%
2019 Aladdin
30%
2017 Beauty and the Beast
30%
2019 Frozen II
30%
1999 Star Wars: The Phantom Menace
30%
2010 Alice in Wonderland
25%
2018 Aquaman
25%
2001 Harry Potter and the Sorcerer's Stone
25%
2006 Pirates of the Caribbean: Dead Man's Chest
25%
2011 Pirates of the Caribbean: On Stranger Tides
25%
2012 Skyfall
25%
2011 Transformers: Dark of the Moon
25%
2016 Zootopia
25%
2017 Despicable Me 3
20%
2016 Finding Dory
20%
2015 Furious 7
20%
2015 Minions
20%
2014 Transformers: Age of Extinction
20%
2012 The Hobbit: An Unexpected Journey
15%
2017 The Fate of the Furious
10%
No matching quizzes found
Score Distribution
Percent of People with Each Score
Percentile by Number Answered
Your Score History
You have not taken this quiz since the last reset